FUNDAMENTAL OF NURSING FOR GNM (Record no. 6798)

MARC details
000 -LEADER
fixed length control field 00368nam a2200145Ia 4500
008 - FIXED-LENGTH DATA ELEMENTS--GENERAL INFORMATION
fixed length control field 150301s2010 xx 000 0 und d
082 ## - DEWEY DECIMAL CLASSIFICATION NUMBER
Classification number 610.7367
Item number F10G
100 ## - MAIN ENTRY--PERSONAL NAME
Personal name GOWDA, SN NANJUNDE
245 ## - TITLE STATEMENT
Title FUNDAMENTAL OF NURSING FOR GNM
250 ## - EDITION STATEMENT
Edition statement 2ND
260 ## - PUBLICATION, DISTRIBUTION, ETC. (IMPRINT)
Name of publisher, distributor, etc. JAYPEE MEDICAL PUB.
Date of publication, distribution, etc. 2010
300 ## - PHYSICAL DESCRIPTION
Extent 478
650 ## - SUBJECT ADDED ENTRY--TOPICAL TERM
Topical term or geographic name as entry element FUNDAMENTAL OF NURSING
942 ## - ADDED ENTRY ELEMENTS (KOHA)
Source of classification or shelving scheme Dewey Decimal Classification
Koha item type Books
Koha issues (borrowed), all copies 34
Holdings
Withdrawn status Lost status Source of classification or shelving scheme Damaged status Not for loan Collection code Home library Current library Shelving location Date acquired Source of acquisition Cost, normal purchase price SGTU Bill Number Total Checkouts Full call number Barcode Date last seen Date last checked out Bill Date Koha item type
    Dewey Decimal Classification     NURSING SGT Medical Library SGT Medical Library Text Book 02/07/2015 ABC DELHI 795.00 SGTU 5533 5 610.7367 F10G FN2621 29/09/2023 18/09/2023 25/03/2015 Books
    Dewey Decimal Classification     NURSING SGT Medical Library SGT Medical Library Text Book 02/07/2015 ABC DELHI 795.00 SGTU 5533 9 610.7367 F10G FN2622 25/02/2025 11/02/2025 25/03/2015 Books
    Dewey Decimal Classification     NURSING SGT Medical Library SGT Medical Library Text Book 02/07/2015 ABC DELHI 795.00 SGTU 5533 1 610.7367 F10G FN2623 12/12/2023 28/11/2023 25/03/2015 Books
    Dewey Decimal Classification     NURSING SGT Medical Library SGT Medical Library Text Book 02/07/2015 ABC DELHI 795.00 SGTU 5533 17 610.7367 F10G FN2624 16/05/2024 10/05/2024 25/03/2015 Books
    Dewey Decimal Classification     NURSING SGT Medical Library SGT Medical Library Text Book 02/07/2015 ABC DELHI 795.00 SGTU 5533 3 610.7367 F10G FN2625 11/03/2024 22/02/2024 25/03/2015 Books